<?xml version="1.0" encoding="UTF-8"?>
<record
    xmlns:xsi="http://www.w3.org/2001/XMLSchema-instance"
    xsi:schemaLocation="http://www.loc.gov/MARC21/slim http://www.loc.gov/standards/marcxml/schema/MARC21slim.xsd"
    xmlns="http://www.loc.gov/MARC21/slim">

  <leader>00384nam a2200145Ia 4500</leader>
  <controlfield tag="008">230411s9999    xx            000 0 und d</controlfield>
  <datafield tag="020" ind1=" " ind2=" ">
    <subfield code="a">81-8147-148-2</subfield>
  </datafield>
  <datafield tag="041" ind1=" " ind2=" ">
    <subfield code="a">eng</subfield>
  </datafield>
  <datafield tag="082" ind1=" " ind2=" ">
    <subfield code="a">PA/616.07/KUM/COT/B04111</subfield>
  </datafield>
  <datafield tag="100" ind1=" " ind2=" ">
    <subfield code="a">Kumar Vinay &amp; Cotran R</subfield>
    <subfield code="9">178118</subfield>
  </datafield>
  <datafield tag="245" ind1=" " ind2=" ">
    <subfield code="a">Robbins Basic Pathology</subfield>
  </datafield>
  <datafield tag="260" ind1=" " ind2=" ">
    <subfield code="b">Elsevier</subfield>
    <subfield code="a">New Delhi</subfield>
    <subfield code="c">2003</subfield>
  </datafield>
  <datafield tag="300" ind1=" " ind2=" ">
    <subfield code="a">873p</subfield>
  </datafield>
  <datafield tag="999" ind1=" " ind2=" ">
    <subfield code="c">154861</subfield>
    <subfield code="d">154861</subfield>
  </datafield>
  <datafield tag="952" ind1=" " ind2=" ">
    <subfield code="0">0</subfield>
    <subfield code="1">0</subfield>
    <subfield code="4">0</subfield>
    <subfield code="7">0</subfield>
    <subfield code="8">PA</subfield>
    <subfield code="a">BTIN</subfield>
    <subfield code="b">BTIN</subfield>
    <subfield code="d">2007-09-11</subfield>
    <subfield code="e">B.J.Medical Co-oprative College Stores</subfield>
    <subfield code="g">895.00</subfield>
    <subfield code="i">1455</subfield>
    <subfield code="l">1</subfield>
    <subfield code="m">1</subfield>
    <subfield code="o">PA 616.07 KUM COT B04111</subfield>
    <subfield code="p">BTIN-BK-4111</subfield>
    <subfield code="r">2024-02-05 00:00:00</subfield>
    <subfield code="s">2024-01-22</subfield>
    <subfield code="v">671.00</subfield>
    <subfield code="w">2007-09-11</subfield>
    <subfield code="y">BK</subfield>
    <subfield code="z">B04111</subfield>
  </datafield>
  <datafield tag="952" ind1=" " ind2=" ">
    <subfield code="0">0</subfield>
    <subfield code="1">0</subfield>
    <subfield code="4">0</subfield>
    <subfield code="7">0</subfield>
    <subfield code="8">PA</subfield>
    <subfield code="a">BTIN</subfield>
    <subfield code="b">BTIN</subfield>
    <subfield code="d">2007-09-11</subfield>
    <subfield code="e">B.J.Medical Co-oprative College Stores</subfield>
    <subfield code="g">895.00</subfield>
    <subfield code="i">1455</subfield>
    <subfield code="l">2</subfield>
    <subfield code="o">PA 616.07 KUM COT B04112</subfield>
    <subfield code="p">BTIN-BK-4112</subfield>
    <subfield code="r">2023-12-27 00:00:00</subfield>
    <subfield code="s">2023-12-22</subfield>
    <subfield code="v">671.00</subfield>
    <subfield code="w">2007-09-11</subfield>
    <subfield code="y">BK</subfield>
    <subfield code="z">B04112</subfield>
  </datafield>
  <datafield tag="952" ind1=" " ind2=" ">
    <subfield code="0">0</subfield>
    <subfield code="1">0</subfield>
    <subfield code="4">0</subfield>
    <subfield code="7">0</subfield>
    <subfield code="8">PA</subfield>
    <subfield code="a">BTIN</subfield>
    <subfield code="b">BTIN</subfield>
    <subfield code="d">2008-01-23</subfield>
    <subfield code="e">B.J.Medical Co-oprative College Stores</subfield>
    <subfield code="g">995.00</subfield>
    <subfield code="i">1455</subfield>
    <subfield code="l">1</subfield>
    <subfield code="o">PA 616.07 KUM COT B04967</subfield>
    <subfield code="p">BTIN-BK-4967</subfield>
    <subfield code="r">2025-01-10 00:00:00</subfield>
    <subfield code="s">2025-01-04</subfield>
    <subfield code="v">697.00</subfield>
    <subfield code="w">2007-09-11</subfield>
    <subfield code="y">BK</subfield>
    <subfield code="z">B04967</subfield>
  </datafield>
  <datafield tag="952" ind1=" " ind2=" ">
    <subfield code="0">0</subfield>
    <subfield code="1">0</subfield>
    <subfield code="4">0</subfield>
    <subfield code="7">3</subfield>
    <subfield code="8">PA</subfield>
    <subfield code="a">BTIN</subfield>
    <subfield code="b">BTIN</subfield>
    <subfield code="d">2008-01-23</subfield>
    <subfield code="e">B.J.Medical Co-oprative College Stores</subfield>
    <subfield code="g">995.00</subfield>
    <subfield code="i">1455</subfield>
    <subfield code="o">PA 616.07 KUM COT B04968</subfield>
    <subfield code="p">BTIN-BK-4968</subfield>
    <subfield code="r">2023-04-11 00:00:00</subfield>
    <subfield code="v">697.00</subfield>
    <subfield code="w">2007-09-11</subfield>
    <subfield code="y">BK</subfield>
    <subfield code="z">B04968</subfield>
  </datafield>
</record>
